[Event "WYCC 2018 O14"]
[Site "Halkidiki"]
[Date "2018.10.27"]
[Round "8"]
[White "Murzin, Volodar"]
[Black "Suleymanli, Aydin"]
[Result "1/2-1/2"]
[WhiteElo "2340"]
[BlackElo "2313"]
[Annotator "NA"]
[PlyCount "139"]
[EventDate "2018.10.20"]
[EventType "swiss"]
[EventCountry "GRE"]
[SourceTitle "playchess.com"]
[Source "ChessBase"]
[SourceQuality "1"]
[TimeControl "40/5400+30:1800+30"]

1. e4 {[%emt 0:00:00]} c6 {[%emt 0:00:00]} 2. d4 {[%emt 0:00:00]} d5 {[%emt 0:00:00]} 3. exd5 {[%emt 0:00:00]} cxd5 {[%emt 0:00:00]} 4. Bd3 {[%emt 0:00:04]} Nc6 {[%emt 0:00:15]} 5. c3 {[%emt 0:00:05]} Qc7 {[%emt 0:00:00]} 6. Ne2 {[%emt 0:00:28]} Bg4 {[%emt 0:00:00]} 7. O-O {[%emt 0:01:20]} e6 {[%emt 0:05:06]} 8. Qe1 {[%emt 0:01:55]} g6 {[%emt 0:21:21]} 9. Bf4 {[%emt 0:16:15]} Bd6 {[%emt 0:01:46]} 10. Bxd6 {[%emt 0:00:42]} Qxd6 {[%emt 0:00:03]} 11. Ng3 {[%emt 0:02:48]} Nge7 {[%emt 0:03:03]} 12. Na3 {[%emt 0:02:00]} h5 {[%emt 0:13:44]} 13. f3 {[%emt 0:10:47]} Bf5 {[%emt 0:00:08]} 14. Nxf5 {[%emt 0:00:54]} gxf5 {[%emt 0:01:01]} 15. Qg3 {[%emt 0:04:06]} Qd7 {[%emt 0:02:32]} 16. Kh1 {[%emt 0:07:14]} O-O-O {[%emt 0:02:44]} 17. b4 {[%emt 0:03:53]} h4 {[%emt 0:01:59]} 18. Qf2 {[%emt 0:02:10]} Ng6 {[%emt 0:01:10]} 19. Qd2 {[%emt 0:01:39]} Qd6 {[%emt 0:02:44]} 20. f4 {[%emt 0:01:01]} Nge7 {[%emt 0:01:56]} 21. Rac1 {[%emt 0:02:43]} Kb8 {[%emt 0:02:37]} 22. Qb2 {[%emt 0:03:53]} Ng8 {[%emt 0:10:18]} 23. Nb5 {[%emt 0:08:40]} Qf8 {[%emt 0:00:13]} 24. c4 {[%emt 0:07:15]} Qxb4 {[%emt 0:05:36]} 25. Qe2 {[%emt 0:01:40]} dxc4 {[%emt 0:16:03]} 26. Bxc4 {[%emt 0:01:22]} Nf6 {[%emt 0:00:13]} 27. Bd3 {[%emt 0:02:04]} Rd5 {[%emt 0:03:05]} 28. Rb1 {[%emt 0:07:10]} Qe7 {[%emt 0:01:39]} 29. Rfc1 {[%emt 0:00:47]} Rc8 {[%emt 0:02:28]} 30. Qf2 {[%emt 0:01:07]} Ne4 {[%emt 0:02:00]} 31. Qe1 {[%emt 0:03:32]} Nd6 {[%emt 0:00:26]} 32. h3 {[%emt 0:00:47]} Nxd4 {[%emt 0:01:14]} 33. Rxc8+ {[%emt 0:00:32]} Nxc8 {[%emt 0:00:09]} 34. Bc4 {[%emt 0:01:20]} Rc5 {[%emt 0:00:46]} 35. Nxd4 {[%emt 0:00:37]} Rxc4 {[%emt 0:00:02]} 36. Nf3 {[%emt 0:00:12]} Qc7 {[%emt 0:00:38]} 37. Qxh4 {[%emt 0:02:25]} Rxf4 {[%emt 0:00:08]} 38. Qf6 {[%emt 0:01:03]} Rxf3 {[%emt 0:01:16]} 39. gxf3 {[%emt 0:00:19]} Qg3 {[%emt 0:00:10]} 40. Qc3 {[%emt 0:00:00]} Qxh3+ {[%emt 0:00:00]} 41. Kg1 {[%emt 0:02:30]} Qg3+ {[%emt 0:00:15]} 42. Kf1 {[%emt 0:00:25]} Ne7 {[%emt 0:09:05]} 43. Qa3 {[%emt 0:04:34]} Qc7 {[%emt 0:04:25]} 44. Rd1 {[%emt 0:04:54]} b6 {[%emt 0:11:59]} 45. Qc1 {[%emt 0:03:09]} Nd5 {[%emt 0:01:18]} 46. Qxc7+ {[%emt 0:00:39]} Kxc7 {[%emt 0:00:02]} 47. Rc1+ {[%emt 0:00:01]} Kd6 {[%emt 0:05:56]} 48. Ke2 {[%emt 0:00:14]} Ke5 {[%emt 0:00:34]} 49. Kd3 {[%emt 0:05:04]} Kf4 {[%emt 0:00:41]} 50. Ke2 {[%emt 0:00:08]} e5 {[%emt 0:00:38]} 51. a4 {[%emt 0:01:27]} a5 {[%emt 0:01:18]} 52. Rc6 {[%emt 0:03:05]} e4 {[%emt 0:00:05]} 53. Kf2 {[%emt 0:01:03]} Ke5 {[%emt 0:00:07]} 54. Rc4 {[%emt 0:00:43]} Kf4 {[%emt 0:01:26]} 55. Rc6 {[%emt 0:01:03]} f6 {[%emt 0:00:36]} 56. Rc4 {[%emt 0:01:15]} Nb4 {[%emt 0:00:12]} 57. Ke2 {[%emt 0:00:34]} Ke5 {[%emt 0:00:44]} 58. Ke3 {[%emt 0:01:00]} Kd5 {[%emt 0:00:31]} 59. Rc8 {[%emt 0:00:19]} exf3 {[%emt 0:00:32]} 60. Kxf3 {[%emt 0:00:26]} Nd3 {[%emt 0:00:17]} 61. Rd8+ {[%emt 0:00:25]} Kc4 {[%emt 0:00:05]} 62. Rd6 {[%emt 0:00:06]} Ne5+ {[%emt 0:00:25]} 63. Kf4 {[%emt 0:00:07]} Kc5 {[%emt 0:00:30]} 64. Rxf6 {[%emt 0:00:08]} Nc4 {[%emt 0:00:33]} 65. Kxf5 {[%emt 0:00:54]} Nb2 {[%emt 0:00:23]} 66. Ke4 {[%emt 0:00:07]} Nxa4 {[%emt 0:00:07]} 67. Kd3 {[%emt 0:00:04]} Kb4 {[%emt 0:00:06]} 68. Kc2 {[%emt 0:00:11]} b5 {[%emt 0:00:47]} 69. Rf4+ {[%emt 0:00:39]} Kc5 {[%emt 0:00:06]} 70. Re4 {[%emt 0:00:52]} 1/2-1/2

[Event "WYCC 2018 O14"]
[Site "Halkidiki"]
[Date "2018.10.27"]
[Round "8"]
[White "Nogerbek, Kazybek"]
[Black "Avila Pavas, Santiago"]
[Result "1/2-1/2"]
[WhiteElo "2316"]
[BlackElo "2277"]
[Annotator "NA"]
[PlyCount "73"]
[EventDate "2018.10.20"]
[EventType "swiss"]
[EventCountry "GRE"]
[SourceTitle "playchess.com"]
[Source "ChessBase"]
[SourceQuality "1"]
[TimeControl "40/5400+30:1800+30"]

1. e4 {[%emt 0:00:00]} c5 {[%emt 0:00:00]} 2. Nf3 {[%emt 0:00:00]} e6 {[%emt 0:00:33]} 3. d4 {[%emt 0:00:00]} cxd4 {[%emt 0:00:08]} 4. Nxd4 {[%emt 0:00:11]} a6 {[%emt 0:00:06]} 5. Bd3 {[%emt 0:00:09]} Ne7 {[%emt 0:00:16]} 6. O-O {[%emt 0:04:35]} Nbc6 {[%emt 0:02:08]} 7. Nf3 {[%emt 0:01:58]} g6 {[%emt 0:05:04]} 8. c4 {[%emt 0:05:21]} Bg7 {[%emt 0:02:33]} 9. Qe2 {[%emt 0:01:36]} d6 {[%emt 0:08:34]} 10. Rd1 {[%emt 0:01:06]} Qc7 {[%emt 0:00:23]} 11. Nc3 {[%emt 0:07:00]} Ne5 {[%emt 0:05:21]} 12. Be3 {[%emt 0:02:37]} Bd7 {[%emt 0:01:18]} 13. Rac1 {[%emt 0:02:02]} O-O {[%emt 0:06:21]} 14. b4 {[%emt 0:10:59]} b6 {[%emt 0:18:15]} 15. Nxe5 {[%emt 0:03:13]} Bxe5 {[%emt 0:06:07]} 16. f4 {[%emt 0:05:32]} Bg7 {[%emt 0:00:09]} 17. Qf2 {[%emt 0:00:11]} Rab8 {[%emt 0:09:05]} 18. f5 {[%emt 0:08:35]} exf5 {[%emt 0:06:03]} 19. exf5 {[%emt 0:00:49]} Bxf5 {[%emt 0:19:00]} 20. Nd5 {[%emt 0:02:22]} Nxd5 {[%emt 0:00:04]} 21. cxd5 {[%emt 0:00:04]} Qd7 {[%emt 0:00:06]} 22. Bxf5 {[%emt 0:00:24]} gxf5 {[%emt 0:00:04]} 23. Rc6 {[%emt 0:01:01]} Rfe8 {[%emt 0:05:39]} 24. Bd4 {[%emt 0:13:14]} Bxd4 {[%emt 0:02:39]} 25. Rxd4 {[%emt 0:00:26]} Re5 {[%emt 0:00:53]} 26. h3 {[%emt 0:02:22]} Qe7 {[%emt 0:01:12]} 27. Qg3+ {[%emt 0:01:51]} Kh8 {[%emt 0:00:26]} 28. Rdc4 {[%emt 0:00:18]} Re8 {[%emt 0:00:07]} 29. Kh2 {[%emt 0:07:59]} Rxd5 {[%emt 0:00:48]} 30. Rc8 {[%emt 0:03:19]} Qe5 {[%emt 0:01:03]} 31. Qxe5+ {[%emt 0:02:54]} Rdxe5 {[%emt 0:00:04]} 32. Rxe8+ {[%emt 0:00:04]} Rxe8 {[%emt 0:00:04]} 33. Rc6 {[%emt 0:00:03]} Re2 {[%emt 0:01:14]} 34. Rxd6 {[%emt 0:01:37]} Rxa2 {[%emt 0:00:06]} 35. Rxb6 {[%emt 0:00:03]} Kg7 {[%emt 0:00:45]} 36. Kg3 {[%emt 0:00:05]} a5 {[%emt 0:00:38]} 37. bxa5 {[%emt 0:02:25]} 1/2-1/2

[Event "WYCC 2018 O14"]
[Site "Halkidiki"]
[Date "2018.10.27"]
[Round "8"]
[White "Cardoso Cardoso, Jose Gabriel"]
[Black "Huang, Renjie"]
[Result "0-1"]
[WhiteElo "2313"]
[BlackElo "2322"]
[Annotator "NA"]
[PlyCount "128"]
[EventDate "2018.10.20"]
[EventType "swiss"]
[EventCountry "GRE"]
[SourceTitle "playchess.com"]
[Source "ChessBase"]
[SourceQuality "1"]
[TimeControl "40/5400+30:1800+30"]

1. d4 {[%emt 0:00:00]} Nf6 {[%emt 0:00:00]} 2. c4 {[%emt 0:00:00]} e6 {[%emt 0:00:00]} 3. Nc3 {[%emt 0:00:09]} d5 {[%emt 0:00:00]} 4. cxd5 {[%emt 0:00:06]} exd5 {[%emt 0:00:00]} 5. Bg5 {[%emt 0:00:10]} c6 {[%emt 0:00:50]} 6. e3 {[%emt 0:00:06]} Bf5 {[%emt 0:00:10]} 7. Qf3 {[%emt 0:00:06]} Bg6 {[%emt 0:02:14]} 8. Bxf6 {[%emt 0:00:04]} gxf6 {[%emt 0:00:23]} 9. h4 {[%emt 0:04:54]} Qb6 {[%emt 0:03:04]} 10. O-O-O {[%emt 0:01:08]} h5 {[%emt 0:05:53]} 11. Qxf6 {[%emt 0:13:58]} Rg8 {[%emt 0:00:13]} 12. Bd3 {[%emt 0:00:29]} Nd7 {[%emt 0:05:22]} 13. Qf3 {[%emt 0:01:27]} Bb4 {[%emt 0:00:32]} 14. Nge2 {[%emt 0:00:37]} O-O-O {[%emt 0:00:46]} 15. g3 {[%emt 0:13:01]} Qa5 {[%emt 0:01:14]} 16. a3 {[%emt 0:05:37]} Bd6 {[%emt 0:00:43]} 17. e4 {[%emt 0:03:45]} dxe4 {[%emt 0:07:51]} 18. Nxe4 {[%emt 0:06:59]} Nb6 {[%emt 0:06:15]} 19. N2c3 {[%emt 0:07:46]} Bxa3 {[%emt 0:06:55]} 20. bxa3 {[%emt 0:00:38]} f5 {[%emt 0:01:06]} 21. Nb1 {[%emt 0:14:10]} fxe4 {[%emt 0:01:57]} 22. Bxe4 {[%emt 0:00:05]} Bxe4 {[%emt 0:03:33]} 23. Qxe4 {[%emt 0:00:01]} Rge8 {[%emt 0:00:20]} 24. Qc2 {[%emt 0:01:11]} Na4 {[%emt 0:02:03]} 25. Qd2 {[%emt 0:07:43]} Qa6 {[%emt 0:09:31]} 26. Rhe1 {[%emt 0:00:52]} Rxe1 {[%emt 0:04:29]} 27. Rxe1 {[%emt 0:00:05]} Nc5 {[%emt 0:00:11]} 28. Re3 {[%emt 0:02:27]} Qc4+ {[%emt 0:01:05]} 29. Qc3 {[%emt 0:02:33]} Qf1+ {[%emt 0:00:11]} 30. Kc2 {[%emt 0:00:04]} Qxf2+ {[%emt 0:00:05]} 31. Nd2 {[%emt 0:00:02]} Qf5+ {[%emt 0:02:47]} 32. Kc1 {[%emt 0:00:05]} Ne6 {[%emt 0:00:44]} 33. Re5 {[%emt 0:01:25]} Qf6 {[%emt 0:00:32]} 34. Qf3 {[%emt 0:07:09]} Qxf3 {[%emt 0:01:37]} 35. Nxf3 {[%emt 0:00:01]} Nxd4 {[%emt 0:00:10]} 36. Ng5 {[%emt 0:02:47]} Kc7 {[%emt 0:00:39]} 37. Ne4 {[%emt 0:01:49]} Rd5 {[%emt 0:03:10]} 38. Re7+ {[%emt 0:03:03]} Kb6 {[%emt 0:00:45]} 39. Nc3 {[%emt 0:01:23]} Ra5 {[%emt 0:00:44]} 40. a4 {[%emt 0:00:00]} Nf5 {[%emt 0:00:00]} 41. Rh7 {[%emt 0:05:05]} Nxg3 {[%emt 0:01:25]} 42. Kd2 {[%emt 0:00:05]} Rf5 {[%emt 0:03:29]} 43. Rg7 {[%emt 0:00:17]} Rf2+ {[%emt 0:00:39]} 44. Ke1 {[%emt 0:00:14]} Rf3 {[%emt 0:00:55]} 45. Kd2 {[%emt 0:00:06]} Nf5 {[%emt 0:00:37]} 46. Rg5 {[%emt 0:00:04]} Nxh4 {[%emt 0:00:15]} 47. Rxh5 {[%emt 0:00:02]} Nf5 {[%emt 0:00:25]} 48. Rh7 {[%emt 0:00:12]} Nd6 {[%emt 0:02:06]} 49. Kc2 {[%emt 0:04:03]} a5 {[%emt 0:00:23]} 50. Rh6 {[%emt 0:00:05]} Kc5 {[%emt 0:01:09]} 51. Rh5+ {[%emt 0:00:13]} Rf5 {[%emt 0:00:19]} 52. Rh7 {[%emt 0:00:07]} Rf4 {[%emt 0:00:24]} 53. Kb3 Rb4+ {[%emt 0:01:28]} 54. Kc2 {[%emt 0:00:36]} Rg4 {[%emt 0:02:14]} 55. Kb3 {[%emt 0:00:04]} Rg3 {[%emt 0:01:03]} 56. Rh5+ {[%emt 0:00:43]} Kb6 {[%emt 0:00:02]} 57. Kc2 {[%emt 0:00:08]} Rg4 {[%emt 0:00:37]} 58. Rh6 {[%emt 0:01:40]} Ne4 {[%emt 0:00:25]} 59. Nd5+ {[%emt 0:04:01]} Ka7 {[%emt 0:00:38]} 60. Ne7 {[%emt 0:00:52]} Nc5 {[%emt 0:00:38]} 61. Rh7 {[%emt 0:01:24]} Rc4+ {[%emt 0:00:21]} 62. Kb2 {[%emt 0:00:46]} Nxa4+ {[%emt 0:00:23]} 63. Kb3 {[%emt 0:00:01]} Rb4+ {[%emt 0:00:05]} 64. Ka3 {[%emt 0:00:01]} Ka6 {[%emt 0:00:25]} 0-1

[Event "WYCC 2018 O14"]
[Site "Halkidiki"]
[Date "2018.10.27"]
[Round "8"]
[White "Krastev, Alexander"]
[Black "Juhasz, Agoston"]
[Result "1-0"]
[WhiteElo "2298"]
[BlackElo "2174"]
[Annotator "NA"]
[PlyCount "89"]
[EventDate "2018.10.20"]
[EventType "swiss"]
[EventCountry "GRE"]
[SourceTitle "playchess.com"]
[Source "ChessBase"]
[SourceQuality "1"]
[TimeControl "40/5400+30:1800+30"]

1. a3 {[%emt 0:00:00]} d5 {[%emt 0:10:32]} 2. Nf3 {[%emt 0:00:00]} Nf6 {[%emt 0:00:18]} 3. g3 {[%emt 0:01:05]} c6 {[%emt 0:02:10]} 4. Bg2 {[%emt 0:00:18]} Bg4 {[%emt 0:00:13]} 5. d3 {[%emt 0:02:40]} Nbd7 {[%emt 0:00:27]} 6. Nbd2 {[%emt 0:00:45]} e5 {[%emt 0:02:18]} 7. e4 {[%emt 0:06:18]} Bc5 {[%emt 0:08:23]} 8. O-O {[%emt 0:01:44]} O-O {[%emt 0:01:09]} 9. h3 {[%emt 0:02:02]} Bxf3 10. Qxf3 {[%emt 0:02:10]} Re8 {[%emt 0:07:08]} 11. Re1 {[%emt 0:03:18]} a5 {[%emt 0:07:40]} 12. Nf1 {[%emt 0:06:22]} a4 {[%emt 0:06:34]} 13. g4 {[%emt 0:03:50]} dxe4 {[%emt 0:04:41]} 14. dxe4 {[%emt 0:00:08]} Nf8 {[%emt 0:00:17]} 15. Ng3 {[%emt 0:02:32]} Ne6 {[%emt 0:01:03]} 16. c3 {[%emt 0:05:56]} Nd7 {[%emt 0:06:40]} 17. Nf5 {[%emt 0:08:36]} Qb6 {[%emt 0:01:21]} 18. Bf1 {[%emt 0:06:22]} Rad8 {[%emt 0:03:25]} 19. Bc4 {[%emt 0:10:27]} Bf8 {[%emt 0:02:04]} 20. g5 {[%emt 0:15:53]} Qc7 {[%emt 0:10:16]} 21. Be3 {[%emt 0:03:15]} Nf4 {[%emt 0:01:09]} 22. Rad1 {[%emt 0:00:35]} b5 {[%emt 0:00:48]} 23. Bf1 {[%emt 0:01:27]} Nc5 {[%emt 0:02:55]} 24. Rxd8 {[%emt 0:09:14]} Rxd8 {[%emt 0:00:37]} 25. Bxf4 {[%emt 0:01:34]} exf4 {[%emt 0:00:08]} 26. Nd4 {[%emt 0:01:11]} Qe5 {[%emt 0:02:42]} 27. Nxc6 {[%emt 0:04:16]} Qxg5+ {[%emt 0:00:10]} 28. Qg2 {[%emt 0:00:47]} Qxg2+ {[%emt 0:00:55]} 29. Kxg2 {[%emt 0:00:02]} Rd2 {[%emt 0:00:16]} 30. Re2 {[%emt 0:01:15]} Rd6 {[%emt 0:02:08]} 31. Nd4 {[%emt 0:00:35]} Rg6+ {[%emt 0:01:29]} 32. Kh2 {[%emt 0:00:46]} Rb6 {[%emt 0:11:17]} 33. f3 {[%emt 0:00:30]} Nb7 {[%emt 0:00:31]} 34. Rg2 {[%emt 0:00:28]} Nd6 {[%emt 0:00:55]} 35. Rg5 {[%emt 0:00:14]} f5 {[%emt 0:01:36]} 36. Nxf5 {[%emt 0:00:44]} Nf7 {[%emt 0:00:24]} 37. Rg4 {[%emt 0:00:36]} h5 {[%emt 0:00:19]} 38. Rg2 {[%emt 0:00:32]} Ne5 {[%emt 0:00:52]} 39. Nd4 {[%emt 0:00:03]} Bc5 {[%emt 0:00:15]} 40. Be2 {[%emt 0:00:00]} Kf7 {[%emt 0:00:00]} 41. Rg5 {[%emt 0:05:12]} Bd6 {[%emt 0:12:54]} 42. Rxh5 {[%emt 0:03:59]} Kg6 {[%emt 0:02:22]} 43. Rf5 {[%emt 0:01:08]} Nc4 {[%emt 0:06:04]} 44. Rxb5 {[%emt 0:00:26]} Rxb5 {[%emt 0:02:40]} 45. Nxb5 {[%emt 0:00:05]} 1-0

[Event "WYCC 2018 O14"]
[Site "Halkidiki"]
[Date "2018.10.27"]
[Round "8"]
[White "Ozenir, Ekin Baris"]
[Black "Srihari L R"]
[Result "1-0"]
[WhiteElo "2293"]
[BlackElo "2170"]
[Annotator "NA"]
[PlyCount "113"]
[EventDate "2018.10.20"]
[EventType "swiss"]
[EventCountry "GRE"]
[SourceTitle "playchess.com"]
[Source "ChessBase"]
[SourceQuality "1"]
[TimeControl "40/5400+30:1800+30"]

1. d4 {[%emt 0:00:00]} d5 {[%emt 0:00:33]} 2. c4 {[%emt 0:00:19]} e6 {[%emt 0:00:11]} 3. Nc3 {[%emt 0:00:48]} f5 {[%emt 0:01:40]} 4. g3 {[%emt 0:05:21]} Nf6 {[%emt 0:00:56]} 5. Bg2 {[%emt 0:00:09]} c6 {[%emt 0:00:18]} 6. Nf3 {[%emt 0:02:05]} Bd6 {[%emt 0:00:14]} 7. O-O {[%emt 0:02:20]} O-O {[%emt 0:00:07]} 8. b3 {[%emt 0:04:33]} Nbd7 {[%emt 0:01:57]} 9. Bb2 {[%emt 0:01:08]} Qe7 {[%emt 0:00:22]} 10. Ne1 {[%emt 0:07:05]} b6 {[%emt 0:06:57]} 11. Rc1 {[%emt 0:09:05]} Bb7 {[%emt 0:00:27]} 12. Nd3 {[%emt 0:01:10]} Ne4 {[%emt 0:02:11]} 13. e3 {[%emt 0:07:23]} Rac8 {[%emt 0:08:43]} 14. Rc2 {[%emt 0:08:36]} Rfd8 {[%emt 0:12:34]} 15. Qc1 {[%emt 0:04:38]} a5 {[%emt 0:02:46]} 16. Rd1 {[%emt 0:03:23]} Ba6 {[%emt 0:08:11]} 17. Ne2 {[%emt 0:04:07]} b5 {[%emt 0:04:05]} 18. c5 {[%emt 0:03:16]} Bb8 {[%emt 0:01:28]} 19. b4 {[%emt 0:06:15]} axb4 {[%emt 0:01:01]} 20. Nxb4 {[%emt 0:00:33]} Bb7 {[%emt 0:00:05]} 21. f3 {[%emt 0:03:40]} Nef6 {[%emt 0:01:14]} 22. f4 {[%emt 0:03:54]} Ne4 {[%emt 0:03:30]} 23. Bc3 {[%emt 0:01:52]} Ba7 {[%emt 0:02:39]} 24. Be1 {[%emt 0:02:26]} Nexc5 {[%emt 0:04:27]} 25. dxc5 {[%emt 0:01:24]} Bxc5 {[%emt 0:01:54]} 26. Nd3 {[%emt 0:01:27]} Ba3 {[%emt 0:09:54]} 27. Qb1 {[%emt 0:01:27]} c5 {[%emt 0:00:36]} 28. Bc3 {[%emt 0:06:40]} b4 {[%emt 0:01:29]} 29. Bb2 {[%emt 0:01:16]} Bxb2 {[%emt 0:01:32]} 30. Qxb2 {[%emt 0:00:30]} Bc6 {[%emt 0:00:07]} 31. Rcc1 {[%emt 0:02:12]} Ba4 {[%emt 0:00:25]} 32. Re1 {[%emt 0:01:20]} Nb6 {[%emt 0:01:44]} 33. Ne5 {[%emt 0:00:49]} Ra8 {[%emt 0:00:34]} 34. a3 {[%emt 0:01:19]} b3 {[%emt 0:00:30]} 35. Red1 {[%emt 0:01:09]} c4 {[%emt 0:01:06]} 36. Nd4 {[%emt 0:01:08]} Rdc8 {[%emt 0:01:52]} 37. g4 {[%emt 0:00:50]} g6 {[%emt 0:06:28]} 38. gxf5 {[%emt 0:00:06]} gxf5 {[%emt 0:00:03]} 39. Kh1 {[%emt 0:00:17]} Kf8 {[%emt 0:05:42]} 40. Rg1 {[%emt 0:00:00]} Ke8 {[%emt 0:00:00]} 41. Bf3 {[%emt 0:07:14]} Kd8 {[%emt 0:03:55]} 42. Rg8+ {[%emt 0:01:39]} Kc7 {[%emt 0:02:30]} 43. Rg7 {[%emt 0:00:40]} Qxg7 {[%emt 0:00:21]} 44. Nxe6+ {[%emt 0:00:08]} Kb8 {[%emt 0:00:03]} 45. Nxg7 {[%emt 0:00:09]} Bb5 {[%emt 0:00:05]} 46. Qd4 {[%emt 0:01:12]} Ra6 {[%emt 0:00:07]} 47. Nxf5 {[%emt 0:00:30]} Rc7 {[%emt 0:00:15]} 48. Bd1 {[%emt 0:01:31]} Na4 {[%emt 0:00:41]} 49. Rb1 {[%emt 0:01:13]} Nb6 {[%emt 0:01:08]} 50. h4 {[%emt 0:01:00]} Ka7 {[%emt 0:00:03]} 51. Nd6 {[%emt 0:00:44]} Ba4 {[%emt 0:00:03]} 52. Qc3 {[%emt 0:01:11]} Nd7 {[%emt 0:00:40]} 53. Bxb3 {[%emt 0:01:03]} Nxe5 {[%emt 0:00:10]} 54. Bxa4 {[%emt 0:00:29]} Rxd6 {[%emt 0:00:24]} 55. Qxe5 {[%emt 0:00:13]} Rb7 {[%emt 0:00:07]} 56. Rxb7+ {[%emt 0:00:06]} Kxb7 {[%emt 0:00:03]} 57. Qxd6 {[%emt 0:00:05]} 1-0

[Event "WYCC 2018 O14"]
[Site "Halkidiki"]
[Date "2018.10.27"]
[Round "8"]
[White "Trifan, Andrei Ioan"]
[Black "Mishra, Abhimanyu"]
[Result "1-0"]
[WhiteElo "2290"]
[BlackElo "2149"]
[Annotator "NA"]
[PlyCount "131"]
[EventDate "2018.10.20"]
[EventType "swiss"]
[EventCountry "GRE"]
[SourceTitle "playchess.com"]
[Source "ChessBase"]
[SourceQuality "1"]
[TimeControl "40/5400+30:1800+30"]

1. e4 {[%emt 0:00:00]} c5 {[%emt 0:00:00]} 2. Nf3 {[%emt 0:00:08]} e6 {[%emt 0:00:00]} 3. d4 {[%emt 0:00:49]} cxd4 {[%emt 0:00:00]} 4. Nxd4 {[%emt 0:00:20]} Nc6 {[%emt 0:00:00]} 5. Nb5 {[%emt 0:00:40]} d6 {[%emt 0:00:18]} 6. c4 {[%emt 0:00:37]} a6 {[%emt 0:05:40]} 7. N5c3 {[%emt 0:02:20]} Nf6 {[%emt 0:02:09]} 8. Be2 {[%emt 0:02:31]} Ne5 {[%emt 0:05:20]} 9. Be3 {[%emt 0:09:41]} Be7 {[%emt 0:09:04]} 10. O-O {[%emt 0:10:58]} b6 {[%emt 0:05:05]} 11. Na3 {[%emt 0:02:55]} O-O {[%emt 0:12:25]} 12. f3 {[%emt 0:03:15]} Bb7 {[%emt 0:06:32]} 13. Qd4 {[%emt 0:00:28]} Ned7 {[%emt 0:02:42]} 14. Rfd1 {[%emt 0:01:49]} Qc7 {[%emt 0:02:38]} 15. Rac1 {[%emt 0:03:12]} Rac8 {[%emt 0:07:30]} 16. Kh1 {[%emt 0:08:47]} Rfe8 {[%emt 0:05:11]} 17. Qd2 {[%emt 0:01:04]} h6 {[%emt 0:04:18]} 18. Bf1 {[%emt 0:07:38]} Kh8 {[%emt 0:04:50]} 19. Nc2 {[%emt 0:06:47]} Kg8 {[%emt 0:01:42]} 20. Qf2 {[%emt 0:02:21]} Red8 {[%emt 0:05:07]} 21. Nd4 {[%emt 0:05:10]} Re8 {[%emt 0:01:30]} 22. a3 {[%emt 0:05:35]} Ne5 {[%emt 0:02:08]} 23. b4 {[%emt 0:01:46]} Ned7 {[%emt 0:02:37]} 24. Nb3 {[%emt 0:02:01]} Ba8 {[%emt 0:03:32]} 25. Rc2 {[%emt 0:04:28]} Kh8 {[%emt 0:02:08]} 26. Rb1 {[%emt 0:00:56]} Rb8 {[%emt 0:02:30]} 27. Rcc1 {[%emt 0:02:04]} Kg8 {[%emt 0:01:19]} 28. a4 {[%emt 0:02:51]} Ne5 {[%emt 0:01:30]} 29. Na2 {[%emt 0:02:13]} Ned7 {[%emt 0:01:18]} 30. a5 {[%emt 0:01:39]} bxa5 {[%emt 0:00:26]} 31. Nxa5 {[%emt 0:00:22]} Qd8 {[%emt 0:01:49]} 32. Rb2 {[%emt 0:03:22]} Nb6 {[%emt 0:01:24]} 33. Rd2 {[%emt 0:01:48]} Qc7 {[%emt 0:01:19]} 34. Bf4 {[%emt 0:04:05]} Nbd7 {[%emt 0:00:57]} 35. c5 {[%emt 0:00:33]} e5 {[%emt 0:00:27]} 36. cxd6 {[%emt 0:00:32]} Qd8 {[%emt 0:01:04]} 37. dxe7 {[%emt 0:00:10]} Qxe7 {[%emt 0:00:08]} 38. Be3 {[%emt 0:00:18]} Bb7 {[%emt 0:00:36]} 39. Rc7 {[%emt 0:00:30]} Ba8 {[%emt 0:00:53]} 40. Bxa6 {[%emt 0:00:00]} Rxb4 {[%emt 0:00:00]} 41. Nxb4 {[%emt 0:09:13]} Qxb4 {[%emt 0:00:45]} 42. Rcxd7 {[%emt 0:01:17]} Nxd7 {[%emt 0:00:54]} 43. Rxd7 {[%emt 0:00:36]} Qxa5 {[%emt 0:00:23]} 44. Bc4 {[%emt 0:01:13]} Rf8 {[%emt 0:00:35]} 45. h4 Qa4 {[%emt 0:00:41]} 46. Rc7 {[%emt 0:03:04]} Qd1+ {[%emt 0:00:14]} 47. Kh2 {[%emt 0:01:07]} Qd6 {[%emt 0:00:27]} 48. Ra7 {[%emt 0:00:40]} Qb4 {[%emt 0:01:07]} 49. Bc5 {[%emt 0:00:58]} Qxc4 {[%emt 0:00:10]} 50. Bxf8 {[%emt 0:01:07]} Bc6 51. Qc5 Qxc5 {[%emt 0:00:55]} 52. Bxc5 {[%emt 0:00:33]} f6 {[%emt 0:00:10]} 53. Kg3 {[%emt 0:00:28]} Bb5 {[%emt 0:00:18]} 54. Kf2 {[%emt 0:00:28]} Bc4 {[%emt 0:00:14]} 55. Ke3 {[%emt 0:00:22]} Be6 {[%emt 0:00:18]} 56. g3 {[%emt 0:00:43]} h5 {[%emt 0:00:16]} 57. f4 {[%emt 0:00:36]} exf4+ {[%emt 0:00:13]} 58. Kxf4 {[%emt 0:00:39]} Bg4 {[%emt 0:00:10]} 59. Bd4 {[%emt 0:00:31]} Kf8 {[%emt 0:00:17]} 60. e5 {[%emt 0:00:22]} fxe5+ {[%emt 0:00:04]} 61. Bxe5 {[%emt 0:00:06]} g6 {[%emt 0:00:10]} 62. Kg5 {[%emt 0:00:15]} Bf5 63. Rg7 {[%emt 0:00:22]} Be4 {[%emt 0:00:17]} 64. Rxg6 {[%emt 0:00:06]} Bxg6 {[%emt 0:00:05]} 65. Kxg6 {[%emt 0:00:04]} Ke7 {[%emt 0:00:07]} 66. Kxh5 1-0